Папка № 128 : Улучшение свойств масел: отчеты; Библиотека профессора А. А. Воробьева; Отчет о работе ВМ-35Н в условиях низких температур; Импульсная прочность изоляции при одновременном воздействии статистического напряжения; Импульсная прочность диэлектриков при одновременном воздействии статистического напряжения; Электрические свойства трансформаторных масел при низких температурах; Исследование трансформаторных масел с присадками кумароновых смол в эксплуатационных условиях; Улучшениее трансформаторных масел путем прибавления к ним кумароновой смолы; Улучшение электрофизических свойств трансформаторных масел путем прибавления к ним кумароновых смол; Облагораживание трансформаторных масел с помощю присадок кумароновых смол; Отчет по предварительным испытаниям кумароновых смол Кемеровского завода; Отчет по работе испытания кумароновых смол Кемеровского Опытного завода

Bibliografski detalji
Parent link:Библиотека профессора А. А. Воробьева: архивные материалы/ А. А. Воробьев; Национальный исследовательский Томский политехнический университет, Научно-техническая библиотека. Папка № 128 : Улучшение свойств масел.— : [Б. и.], [Б. г.]
Autor kompanije: Томский государственный университет (ТГУ) Сибирский физико-технический институт им. В. Д. Кузнецова (СФТИ)
Jezik:ruski
Izdano: [Б. г.]
TOC:Отчет о работе ВМ-35Н в условиях низких температур;
Импульсная прочность изоляции при одновременном воздействии статистического напряжения;
Импульсная прочность диэлектриков при одновременном воздействии статистического напряжения;
Электрические свойства трансформаторных масел при низких температурах;
Исследование трансформаторных масел с присадками кумароновых смол в эксплуатационных условиях;
Улучшениее трансформаторных масел путем прибавления к ним кумароновой смолы;
Улучшение электрофизических свойств трансформаторных масел путем прибавления к ним кумароновых смол;
Облагораживание трансформаторных масел с помощю присадок кумароновых смол;
Отчет по предварительным испытаниям кумароновых смол Кемеровского завода;
Отчет по работе испытания кумароновых смол Кемеровского Опытного завода;
Teme:
Format: Knjiga
KOHA link:https://koha.lib.tpu.ru/cgi-bin/koha/opac-detail.pl?biblionumber=351579

MARC

LEADER 00000nam2a2200000 4500
001 351579
005 20231102010422.0
035 |a (RuTPU)RU\TPU\retro\6707 
035 |a RU\TPU\retro\6594 
090 |a 351579 
100 |a 20190619u k y0rusy50 ca 
101 0 |a rus 
102 |a RU 
105 |a y z 000zy 
200 0 |a Папка № 128 : Улучшение свойств масел  |e отчеты 
210 |d [Б. г.] 
215 |a 128 л. 
317 |5 63413507: КР-6630  |a Поступил в НТБ в 1987 г. в дар от вдовы ученого Е. К. Завадовской 
461 1 |0 (RuTPU)RU\TPU\retro\6701  |t Библиотека профессора А. А. Воробьева  |o архивные материалы  |f А. А. Воробьев  |g Национальный исследовательский Томский политехнический университет, Научно-техническая библиотека  |v Папка № 128 : Улучшение свойств масел  |n [Б. и.]  |d [Б. г.] 
464 |t Отчет о работе ВМ-35Н в условиях низких температур 
464 |t Импульсная прочность изоляции при одновременном воздействии статистического напряжения  |o отчет по работе 
464 |t Импульсная прочность диэлектриков при одновременном воздействии статистического напряжения 
464 |t Электрические свойства трансформаторных масел при низких температурах 
464 |t Исследование трансформаторных масел с присадками кумароновых смол в эксплуатационных условиях 
464 |t Улучшениее трансформаторных масел путем прибавления к ним кумароновой смолы 
464 |t Улучшение электрофизических свойств трансформаторных масел путем прибавления к ним кумароновых смол 
464 |t Облагораживание трансформаторных масел с помощю присадок кумароновых смол  |o предварительный отчет по работе 
464 |t Отчет по предварительным испытаниям кумароновых смол Кемеровского завода 
464 |t Отчет по работе испытания кумароновых смол Кемеровского Опытного завода  |a Приходько, Н. А. 
606 1 |a Трансформаторные масла  |x Испытание  |2 stltpush  |3 (RuTPU)RU\TPU\subj\61386  |9 78578 
610 1 |a исследование 
610 1 |a свойства 
610 1 |a улучшение 
610 1 |a машинопись 
610 1 |a труды учёных ТПУ 
610 1 |a библиотека А. А. Воробьева 
675 |a 621.315.615.2  |v 4 
712 0 2 |a Томский государственный университет (ТГУ)  |b Сибирский физико-технический институт им. В. Д. Кузнецова (СФТИ)  |c Высоковольтная лаборатория  |2 stltpush  |3 (RuTPU)RU\TPU\col\861 
801 1 |a RU  |b 63413507  |c 20190607 
801 2 |a RU  |b 63413507  |c 20191108  |g RCR 
942 |c BK